Statistics for Noah Kahan - No Complaints Lyrics

Click here to take the quiz!

General Stats

  • This quiz has been taken 57 times
    (50 since last reset)
  • The average score is 278 of 297

Answer Stats

Answer% Correct
a
100%
am
100%
And
100%
and
100%
I
100%
my
100%
the
100%
then
100%
To
100%
to
100%
Who
100%
complain
97%
complain?
97%
cry
97%
for
97%
forgot
97%
got
97%
head
97%
hole
97%
how
97%
in
97%
In
97%
just
97%
medication
97%
no
97%
of
97%
page
97%
paper
97%
pen
97%
so
97%
space
97%
with
97%
at
94%
bad
94%
end
94%
filled
94%
finally
94%
had
94%
it
94%
It
94%
prescription
94%
showed
94%
something
94%
thought
94%
time
94%
up
94%
weight
94%
world
94%
as
91%
better
91%
blame
91%
boring
91%
but
91%
But
91%
dad
91%
get
91%
having
91%
like
91%
mad
91%
Makes
91%
makes
91%
middle
91%
news
91%
nothing
91%
now
91%
same
91%
saw
91%
set
91%
sewed
91%
that
91%
that's
91%
afraid
88%
ain't
88%
feel
88%
looks
88%
love
88%
months
88%
oh
88%
Oh
88%
pull
88%
punches
88%
raised
88%
tried
88%
Tried
88%
was
88%
being
84%
different
84%
distant
84%
escape
84%
I'm
84%
living
84%
noticed
84%
pain
84%
pain's
84%
seen
84%
weather
84%
young
84%
can
81%
enters
81%
evades
81%
exists
81%
heals
81%
rage
81%
skin
81%
still
81%
where
81%
dreams
78%
escapes
78%
fine
78%
Hope
78%
It's
78%
Mm
78%
mm
78%
Yes
78%
eat
75%
rain
75%
vision
75%
asleep
72%
fall
72%
fake
69%

Score Distribution

Percentile by Number Answered

Percent of People with Each Score

Your Score History

You have not taken this quiz since the last reset